Museo de Bellas Artes de Cádiz / (Record no. 192256)
[ view plain ]
| 000 -LEADER | |
|---|---|
| campo de control de longitud fija | 01044nam a22002651i 4500 |
| 001 - NÚMERO DE CONTROL | |
| campo de control | 192256 |
| 003 - IDENTIFICADOR DE NÚMERO DE CONTROL | |
| campo de control | SpMaBN |
| 005 - FECHA Y HORA DE LA ÚLTIMA TRANSACCIÓN | |
| campo de control | 20250811104303.0 |
| 008 - DATOS DE LONGITUD FIJA--INFORMACIÓN GENERAL | |
| campo de control de longitud fija | 221129q19281936sp a 000 0 spa |
| 016 7# - NÚMERO DE CONTROL DE UNA AGENCIA BIBLIOGRÁFICA NACIONAL | |
| Número de control del registro | bimoBNE19995974421 |
| Número de control cancelado/no válido | IND9600735436 [ |
| Fuente | SpMaBN] |
| 040 ## - FUENTE DE CATALOGACIÓN | |
| Centro catalogador/agencia de origen | SpMaBN |
| Lengua de catalogación | spa |
| Centro/agencia transcriptor | CDM |
| 080 ## - NÚMERO DE LA CLASIFICACIÓN DECIMAL UNIVERSAL | |
| Número de la Clasificación Decimal Universal | 7:069.5(460.355 C.) |
| 100 1# - ENTRADA PRINCIPAL--NOMBRE DE PERSONA | |
| Nombre de persona | Quintero Atauri, Pelayo. |
| 9 (RLIN) | 94723 |
| 245 10 - MENCIÓN DEL TÍTULO | |
| Título | Museo de Bellas Artes de Cádiz / |
| Mención de responsabilidad, etc. | cuarenta y ocho ilustraciones, con texto de Pelayo Quintero y de Atauri. |
| 260 ## - PUBLICACIÓN, DISTRIBUCIÓN, ETC. | |
| Lugar de publicación, distribución, etc. | Barcelona : |
| Nombre del editor, distribuidor, etc. | H. de J. Thomas, |
| Fecha de publicación, distribución, etc. | [entre 1928-1936] |
| 300 ## - DESCRIPCIÓN FÍSICA | |
| Extensión | 28 p., 48 p. de lám. ; |
| Dimensiones | 15 cm. |
| 490 1# - MENCIÓN DE SERIE | |
| Mención de serie | El arte en España / Patronato Nacional del Turismo ; |
| Designación de volumen o secuencia | 27 |
| 546 ## - NOTA DE IDIOMA | |
| Nota de lengua/lenguaje | Texto en español, francés é inglés. |
| 610 24 - PUNTO DE ACCESO ADICIONAL DE MATERIA--NOMBRE DE ENTIDAD CORPORATIVA | |
| Nombre de entidad corporativa o nombre de jurisdicción como elemento de entrada | Museo de Bellas Artes de Cádiz. |
| 9 (RLIN) | 5845 |
| 710 2# - ENTRADA AGREGADA--NOMBRE DE ENTIDAD CORPORATIVA | |
| Nombre de entidad corporativa o nombre de jurisdicción como elemento de entrada | Patronato Nacional del Turismo (España) |
| 9 (RLIN) | 6194 |
| 830 13 - PUNTO DE ACCESO ADICIONAL DE SERIE-TÍTULO UNIFORME | |
| Título uniforme | El arte en España / Patronato Nacional de Turismo |
| Designación de volumen o secuencia | 27 |
| 9 (RLIN) | 193583 |
| 852 4# - LOCALIZACIÓN | |
| Ubicación | ES-MaACL |
| Número de control de estantería | C-32219(3) |
| Estatus retirado | Estado de pérdida | Estado de daño | No para préstamo | Biblioteca de origen | Biblioteca actual | Ubicación en estantería | Fecha de adquisición | Total de préstamos | Signatura topográfica completa | Código de barras | Visto por última vez | Precio de reemplazo | Tipo de ítem Koha |
|---|---|---|---|---|---|---|---|---|---|---|---|---|---|
| Biblioteca del Ateneo de Madrid | Biblioteca del Ateneo de Madrid | Depósito 2 | 29/11/2022 | C-32219(3) | 1204805 | 23/02/2023 | 23/02/2023 | Libro impreso |
